000 00871nam a22002417a 4500
005 20080923102150.0
008 080923t xxu||||| |||| 00| 0 eng d
010 _aENG-91041
020 _c55.00
035 _aEN-74574
037 _bDBAD / PUB
040 _adpl
_bEnglish
082 _a541.22
100 _aGeetha Priya, C.
245 _aChemistry of biomolecules /
_cby C. Geetha Priya
260 _aChennai
_bAndril Pathippagam
_c2007
270 _bChennai
_a192, Jagajeevan Ram Salai (Bells Road), Chepakkam,
_e600005
300 _a136p.
_c22cm (pbk)
500 _aIncludes bibliographical references
650 _aBiomolecules.
942 _2ddc
_cEN
_mGEE
_h541.22
999 _c15610
_d15610